• 首页
  • 本馆介绍
  • 公告通知
  • 最新文献
  • 馆藏检索
  • 电子资源
  • 读者导购
  • 参考咨询
  • 我的图书馆
  • 登录
  • 详细信息显示
  • 放入我的书架
  • 预约/预借图书
  • 作者相关作品
  • 分类相关作品
  • 丛书相关作品
  • 出版社相关作品

书目信息

  • 表格格式
  • 工作单格式
  • 卡片格式
题名:
少年军校10谈
    
 
作者: 刘文卫 编著
分册:  
出版信息: 北京   国防大学出版社  2010
页数: 322页
开本: 23cm
丛书名:
单 册:
中图分类: G418
科图分类:
主题词: 学校教育--学军--基本知识--中国 , 学校教育 , 学军
电子资源:
ISBN: 978-7-5626-1824-9
000 00778nam0 2200253 450
001 012001003709
005 20130126165015.0
010    @a978-7-5626-1824-9@dCNY36.00
100    @a20110821d2010 em y0chiy50 ea
101 0  @achi
102    @aCN@b110000
105    @aa z 000yy
106    @ar
200 1  @a少年军校10谈@9shao nian jun xiao 10 tan@f刘文卫编著
210    @a北京@c国防大学出版社@d2010
215    @a322页@c照片@d23cm
330    @a本书分为少年军校的属性特质、少年军校诞生的时代背景、少年军校的发展历程、少年军校的重要价值等十谈。
606 0  @a学校教育@x学军@x基本知识@y中国
606 0  @a学校教育
606 0  @a学军
690    @aG418@v4
701  0 @a刘文卫@9liu wen wei@f(1961~)@4编著
801  0 @aCN@b江苏凤凰@c20191020
905    @b1218565-7@dG418@e77@f3
    
    少年军校10谈/刘文卫编著.-北京:国防大学出版社,2010
    322页:照片;23cm
    
    
    ISBN 978-7-5626-1824-9:CNY36.00
    本书分为少年军校的属性特质、少年军校诞生的时代背景、少年军校的发展历程、少年军校的重要价值等十谈。
●
相关链接 在E读中查询图书 在五车中查询图书 在当当中查询图书 在豆瓣中查询图书


正题名:少年军校10谈     索取号:G418/77         预约/预借

序号 登录号 条形码 馆藏地/架位号 状态 备注
1 1218565   212185650   第一样本阅览室/ [索取号:G418/77] 在馆    
2 1218566   212185669   教育系资料室/ [索取号:G418/77] 在馆    
3 1218567   212185678   第四借阅区/ [索取号:G418/77] 在馆    
唐山师范学院图书馆 欢迎您!
大连网信软件有限公司© 版权所有